| 000 | 01242naa a22003377a 4500 | ||
|---|---|---|---|
| 001 | BR6700235 | ||
| 003 | BR-BrBNA | ||
| 005 | 20240918173312.0 | ||
| 007 | ta | ||
| 008 | 230509b bl.||||| |||| 00| 0 por d | ||
| 040 |
_aBR-BrBNA _bpor _cBiblioteca Nacional de Agricultura |
||
| 041 | _a(Pt) | ||
| 072 |
_aF23 _b/G514 |
||
| 090 | _aF23 BR6700235 | ||
| 100 | 1 | _aFrancisco, B.H.R. | |
| 100 | 1 | _aSilva, G.G. da | |
| 100 | 1 | _aAraup, G.G. de | |
| 111 | 1 |
_aSimposio sobre a Biota Amazonica _cBelem, PA (Brazil) _d6 Jun 1966 |
|
| 245 | 1 | _aEstudos geologicos e observacoes geograficas no baixo Tocantins (Municipio de Tucurui e Baiao), estado do Para [Brasil] | |
| 260 | 3 |
_aRio de Janeiro, GB (Brasil): _bHermant Lent, _c1967. |
|
| 500 | _aAtas do Simposio sobre a Biota Amazonica. v. 1 - Geociencias Rio de Janeiro, GB (Brasil): Hermant Lent, 1967. p. 187-197 (BR6700235-AM)F23 | ||
| 650 | _aClassificacao do solo | ||
| 650 | _aGeologia | ||
| 650 | _aGeografia | ||
| 650 | _aTucurui | ||
| 650 | _aBaiao | ||
| 650 | _aPara | ||
| 773 | 0 |
_tAtas do Simposio sobre a Biota Amazonica. v. 1 - Geociencias _wF23 BR6700235 _gRio de Janeiro, GB (Brasil), 1967. p. 187-197 |
|
| 909 |
_a202404 _bLucia _c55 _dLucia Elande |
||
| 942 |
_cAM _2AGRIS |
||
| 999 |
_c303854 _d303854 |
||